000 00955nam a22002897a 4500
001 9957
003 FISKH
005 20260319132245.0
008 260319b cb ||||| |||| 00| 0 eng d
020 _a9781526303721
040 _aFISKH
_beng
_cFISKH
_dFISKH
050 _aPZ8.1 .P665 .S
082 _a398.2
100 _aPirotta, Saviour
_eAuthor
245 _aMulticultural stories from China /
_cby Saviour Pirotta ; illustrated by Tim Clarey
260 _aLondon :
_bWayland ,
_c1999
300 _a48 pages :
_bcolor illustrations ;
_c27 cm
505 _aR
520 _aPresents six stories from China, each with an introductory essay that discusses the myth, legend, or tradition that inspired the story.
521 8 _a750
_bLexile estimate
521 8 _aR
_bRaz-Plus
650 _aFolktales
_vChina
650 _aTraditional stories
_vCulture
700 _aClarey, Tim
_eIllustrator
942 _2ddc
_cBK
_n0
999 _c9957
_d9957